000 00442nam a2200181Ia 4500
001 19960
005 20260306172731.0
008 260306t1997||||xx |||||||||||||| ||spa||
041 _aESP
082 _a341.8
_bV64
100 _aVigo, Rodolfo Luis
_eAUT
245 0 _aEtica del abogado:
_bconducta procesal indebida
260 _c1997
300 _a142 páginas :
_c23 cm.
650 _aGEN
654 _aCDE
942 _cLIB
_dJUS
_fJUS
_2ddc
_n
999 _c19960
_d19960